| 000 | 00584nam a2200205 i 4500 | ||
|---|---|---|---|
| 001 | 7850 | ||
| 003 | ES-MaACL | ||
| 005 | 20250516063027.0 | ||
| 008 | 910514s1991 sp ||||1| spa d | ||
| 020 | _a84-85417-15-1 | ||
| 080 | _a821.134.2-14"19" | ||
| 100 | 1 |
_aJanés, Clara _966012 |
|
| 245 | 1 | 0 |
_aEmblemas / _cClara Janés. |
| 260 |
_aMadrid : _bCaballo Griego para la Poesía, _c1991. |
||
| 300 |
_a62 p. : _bil. ; _c17 cm. |
||
| 490 | 1 |
_aPentesilea ; _v12 |
|
| 830 | 1 |
_aPentesilea ; _v12 _9182326 |
|
| 852 |
_aES-MaACL _jL-15030 |
||
| 999 |
_c7850 _d7850 |
||